Hlavolamy, čo lámu hlavy

Guardado en:
Detalles Bibliográficos
Autor principal: Goga, Marián
Formato: Libro
Lenguaje:eslovaco
Publicado: Bratislava Vydavateľstvo DAXE 2010
Materias:
Etiquetas: Agregar Etiqueta
Sin Etiquetas, Sea el primero en etiquetar este registro!

MARC

LEADER 00000nam a2200000 4500
001 0124979
005 20240502072423.8
020 |a 978-80-89429-07-3 
041 0 |a slo 
044 |a SK 
245 1 0 |a Hlavolamy, čo lámu hlavy  |c Marián Goga 
264 1 |a Bratislava  |b Vydavateľstvo DAXE  |c 2010 
300 |a 356 s. [17,80 AH] 
610 2 0 |a kreativita 
610 2 0 |a logika 
610 2 0 |a logika matematická 
610 2 0 |a vedomosti 
610 2 0 |a hry logistické 
100 1 |a Goga, Marián